Audio equipment tests /

Bibliographic Details
Main Author: King, Gordon John
Format: Book
Language:English
Published: London ; Boston : Newnes-Butterworths, 1979.
Subjects:

MARC

Tag First Indicator Second Indicator Subfields
LEADER 00000cam a22000008a 4500
001 in00000081001
005 20151008055353.0
008 790529s1979 enka b 00110 engm
010 |a  79040140  
015 |a GB79 
020 |a 0408003367 :  |c 5.00 
035 |a (OCoLC)05101041 
035 |9 AAJ3283AM 
040 |a DLC  |c DLC  |d m.c.  |d TXA  |d UtOrBLW 
049 |a TXAM  |c [951859] 
050 0 0 |a TK7881.7  |b .K547 
082 0 |a 621.389/3/028 
100 1 |a King, Gordon John. 
245 1 0 |a Audio equipment tests /  |c Gordon J. King. 
263 |a 7909 
264 1 |a London ;  |a Boston :  |b Newnes-Butterworths,  |c 1979. 
300 |a 158 pages :  |b illustrations ;  |c 24 cm. 
336 |a text  |b txt  |2 rdacontent 
337 |a unmediated  |b n  |2 rdamedia 
338 |a volume  |b nc  |2 rdacarrier 
504 |a Includes bibliographical references and index. 
650 0 |a High-fidelity sound systems  |x Testing. 
650 0 |a Sound  |x Recording and reproducing  |x Equipment and supplies  |x Testing. 
999 |a MARS 
999 f f |s a30a1d3e-692a-38c9-9748-d2d9aa16cda5  |i 0987c295-7640-3968-a5b0-236c805fc656  |t 0 
952 f f |p ric  |a Texas A&M University  |b Rellis Campus  |c Joint Library Facility  |d Remote Storage  |t 0  |e TK7881.7 .K547  |h Library of Congress classification  |i unmediated -- volume  |m A14806252482 
998 f f |a TK7881.7 .K547  |t 0  |l Remote Storage